00258 a2200097 450000100060000002000220000608200210002810000170004924500600006626000340012639673 a978-0-13-147122-1 a519.20246213/GAR aGarcia Leon aProbability & random process for electrical engineering aNew YorkbAdeson Weselyc1994